Statistiques concernant Pays les plus denses frontaliers entre eux

Cliquez ici pour prendre le quiz!

Statistiques générales

  • Ce quiz a été pris 12 051 fois
  • Le résultat moyen est 16 sur 28

Statistiques - réponses

Pays% Correct
Chine
93%
France
93%
Inde
89%
Allemagne
86%
Italie
82%
Belgique
78%
Pakistan
76%
Suisse
76%
Luxembourg
75%
Pays-Bas
75%
Monaco
73%
Bangladesh
72%
Vatican
65%
Népal
64%
Saint-Marin
61%
Corée du Sud
60%
Liechtenstein
60%
Corée du Nord
59%
Viêt Nam
55%
Israël
29%
Liban
28%
Haïti
20%
Rwanda
20%
Burundi
19%
République dominicaine
19%
Ouganda
18%
Guatemala
17%
Salvador
16%

Distribution des résultats

Percentile par nombre de réponses

% des personnes avec chaque résultat

Votre développement - résultats

Vous n’avez pas pris ce quiz